Les 10 villes de France les plus peuplées commençant par T - Statistiques

Statistiques générales
  • Ce quiz a été pris 146 fois
  • Le résultat moyen est 5 sur 10
Statistiques - réponses
# Ville Population % Correct
1 Toulouse 511.684
99%
2 Toulon 180.834
88%
3 Tours 138.668
80%
7 Tarbes 44.529
58%
4 Tourcoing 99.160
55%
5 Troyes 62.443
43%
6 Talence 45.869
26%
8 Thionville 42.778
26%
10 Thonon-les-Bains 37.689
22%
9 Tremblay-en-France 38.210
11%
Aucun quiz correspondant
Distribution des résultats
% des personnes avec chaque résultat
Percentile par nombre de réponses
Votre historique - résultats
Vous n’avez pas pris ce quiz